Strategies used by form four ESL learners to guess meanings /
محفوظ في:
| المؤلف الرئيسي: | |
|---|---|
| التنسيق: | أطروحة كتاب |
| اللغة: | English |
| منشور في: |
1998.
|
| الموضوعات: | |
| الوسوم: |
إضافة وسم
لا توجد وسوم, كن أول من يضع وسما على هذه التسجيلة!
|
| LEADER | 01467cam a2200325 a 4500 | ||
|---|---|---|---|
| 001 | u435482 | ||
| 003 | SIRSI | ||
| 008 | 920820s1998 my t 00 10 eng m | ||
| 035 | |a ACG-6372 | ||
| 040 | |a UMM |d UMB | ||
| 090 | |a PE1445 |b Mad | ||
| 091 | |a Microfiche 14182 | ||
| 093 | |a PE1445 |b Mad | ||
| 100 | 1 | 0 | |a Madhavan, Sathiavany. |
| 245 | 1 | 0 | |a Strategies used by form four ESL learners to guess meanings / |c Sathiavany Madhavan. |
| 260 | |c 1998. | ||
| 300 | |a x, 188 leaves : |b ill ; |c 30 cm. | ||
| 500 | |a Microfiche. Kuala Lumpur : University of Malaya Library, 1999. 3 fiches : negative ; 11 x 15 cm. | ||
| 502 | |a Dissertation (M.E.S.L.) -- Fakulti Bahasa dan Linguistik, Universiti Malaya, 1998. | ||
| 504 | |a Bibliography : leaves 129-132. | ||
| 650 | 0 | |a Vocabulary |x Study and teaching (Secondary) |z Malaysia. | |
| 650 | 0 | |a English language |x Study and teaching (Secondary) |x Foreign speakers. | |
| 650 | 0 | |a Sekolah Menengah Sains Tuanku Jaafar, Kuala Pilah |x Students |x Language |x Ability testing. | |
| 650 | 0 | |a Study skills. | |
| 710 | 2 | 0 | |a Universiti Malaya. |b Fakulti Bahasa dan Linguistik. |
| 948 | |a 19/02/1999 |b 16/01/2003 | ||
| 596 | |a 1 6 | ||
| 999 | |a PE1445 MAD |w LC |c 1 |i A505615445 |d 13/2/2012 |e 13/2/2012 |l STACKS |m P01UTAMA |n 3 |r Y |s Y |t TESIS |u 9/3/1999 | ||
| 999 | |a PE1445 MAD |w LC |c 2 |i A508312936 |d 27/11/2001 |l STACKS |m P01UTAMA |n 6 |r Y |s Y |t TESIS |u 11/3/1999 | ||
| 999 | |a PE1445 MAD |w LC |c 1 |i A503708072 |d 21/11/2012 |e 21/11/2012 |l STACKS |m P06BAHASA |n 1 |r Y |s Y |t TESIS |u 24/2/1999 | ||
